00517nam a2200157Ia 4500008004000000082001500040100002000055245004600075260003900121300000800160650002500168690001900193906001100212999001700223952011900240210210b1960 xxu||||| |||| 00| 0 eng d a539.7 FEIS aFEINBERG (J G). aStory of atomic theory and atomic energy. aNew YorkbDover Publicationsc1960 a282 aAtomic Theory Energy aAtomic Physics a026514 c77990d77990 001040708PhysicsaALbALcPhysicsd2021-02-17g0.00l0o539.7 FEISp026514r2021-02-17 00:00:00w2021-02-17yBK